00555nam a2200169 a 450008200150000010000300001524500480004526000470009330000090014050000350014950500100018465000130019470000300020794200070023795201260024499900150037000a294.5bSHA aShastri, Swami Shivananda aShort Review of Sanatana Dharma Or Hinduism aBombaybArun K Mahta at Vakil & Sonsc1968 a397p aincludes index and biblioraphy2 aIndex aHinduism1 aShastri, Swami Shivananda cBK 001040708StackRoom-aHMIbHMId2007-07-23g50.00l1o294.5 SHAp013527r2017-12-15s2017-11-22v50.00w2005-05-24yBK c6639d6639